<?xml version="1.0" encoding="UTF-8"?>
<collection xmlns="http://www.loc.gov/MARC21/slim">
 <record>
  <leader>01855nam a2200361 a 4500</leader>
  <controlfield tag="001">33262</controlfield>
  <controlfield tag="003">BD-DhAAL</controlfield>
  <controlfield tag="005">20250625144657.0</controlfield>
  <controlfield tag="008">180707t1995    maua     b    001 0 eng  </controlfield>
  <datafield tag="010" ind1=" " ind2=" ">
   <subfield code="a">   95009812 </subfield>
  </datafield>
  <datafield tag="020" ind1=" " ind2=" ">
   <subfield code="a">0262061732 (hc)</subfield>
  </datafield>
  <datafield tag="040" ind1=" " ind2=" ">
   <subfield code="a">DLC</subfield>
   <subfield code="c">DLC</subfield>
   <subfield code="d">MYG</subfield>
   <subfield code="d">BD-DhAAL</subfield>
  </datafield>
  <datafield tag="050" ind1="0" ind2="0">
   <subfield code="a">NA642</subfield>
   <subfield code="b">.F72 1995</subfield>
  </datafield>
  <datafield tag="082" ind1="0" ind2="0">
   <subfield code="a">724.5</subfield>
   <subfield code="2">20</subfield>
  </datafield>
  <datafield tag="100" ind1="1" ind2=" ">
   <subfield code="a">Frampton, Kenneth.</subfield>
   <subfield code="9">26645</subfield>
  </datafield>
  <datafield tag="245" ind1="1" ind2="0">
   <subfield code="a">Studies in tectonic culture :</subfield>
   <subfield code="b">the poetics of construction in nineteenth and twentieth century architecture /</subfield>
   <subfield code="c">Kenneth Frampton ; edited by John Cava.</subfield>
  </datafield>
  <datafield tag="260" ind1=" " ind2=" ">
   <subfield code="a">Cambridge, Mass. :</subfield>
   <subfield code="b">MIT Press,</subfield>
   <subfield code="c">c1995.</subfield>
  </datafield>
  <datafield tag="300" ind1=" " ind2=" ">
   <subfield code="a">xi, 430 pages :</subfield>
   <subfield code="b">illustrations ;</subfield>
   <subfield code="c">29 cm.</subfield>
  </datafield>
  <datafield tag="500" ind1=" " ind2=" ">
   <subfield code="a">&quot;Graham Foundation for Advanced Studies in the Fine Arts, Chicago, Illinois.&quot;</subfield>
  </datafield>
  <datafield tag="504" ind1=" " ind2=" ">
   <subfield code="a">Includes bibliographical references (pages [413]-420) and index.</subfield>
  </datafield>
  <datafield tag="520" ind1=" " ind2=" ">
   <subfield code="a">This text aims to clarify the various turns that structural engineering and tectonic imagination have taken, showing how both constructional form and material character were integral to an evolving architectural expression.</subfield>
  </datafield>
  <datafield tag="526" ind1=" " ind2=" ">
   <subfield code="a">ARC</subfield>
  </datafield>
  <datafield tag="541" ind1=" " ind2=" ">
   <subfield code="a">Department of Architecture</subfield>
   <subfield code="e">33262</subfield>
  </datafield>
  <datafield tag="650" ind1=" " ind2="0">
   <subfield code="a">Symbolism in architecture.</subfield>
   <subfield code="9">26646</subfield>
  </datafield>
  <datafield tag="650" ind1=" " ind2="0">
   <subfield code="a">Architecture, Modern</subfield>
   <subfield code="y">19th century.</subfield>
   <subfield code="9">26647</subfield>
  </datafield>
  <datafield tag="650" ind1=" " ind2="0">
   <subfield code="a">Architecture, Modern</subfield>
   <subfield code="y">20th century.</subfield>
   <subfield code="9">26648</subfield>
  </datafield>
  <datafield tag="650" ind1=" " ind2="0">
   <subfield code="a">Architecture.</subfield>
  </datafield>
  <datafield tag="700" ind1="1" ind2=" ">
   <subfield code="a">Cava, John.</subfield>
   <subfield code="9">26649</subfield>
  </datafield>
  <datafield tag="710" ind1="2" ind2=" ">
   <subfield code="a">Graham Foundation for Advanced Studies in the Fine Arts.</subfield>
   <subfield code="9">26650</subfield>
  </datafield>
  <datafield tag="852" ind1=" " ind2=" ">
   <subfield code="a">Department of Architecture</subfield>
   <subfield code="c">General Stacks</subfield>
  </datafield>
  <datafield tag="942" ind1=" " ind2=" ">
   <subfield code="2">ddc</subfield>
   <subfield code="c">BK</subfield>
  </datafield>
  <datafield tag="999" ind1=" " ind2=" ">
   <subfield code="c">39588</subfield>
   <subfield code="d">39588</subfield>
  </datafield>
  <datafield tag="952" ind1=" " ind2=" ">
   <subfield code="0">0</subfield>
   <subfield code="1">1</subfield>
   <subfield code="2">ddc</subfield>
   <subfield code="4">0</subfield>
   <subfield code="6">724_500000000000000_FRA</subfield>
   <subfield code="7">0</subfield>
   <subfield code="9">63606</subfield>
   <subfield code="a">ARC</subfield>
   <subfield code="b">ARC</subfield>
   <subfield code="c">GEN</subfield>
   <subfield code="d">2018-07-07</subfield>
   <subfield code="e">Department of Architecture</subfield>
   <subfield code="l">0</subfield>
   <subfield code="o">724.5 FRA</subfield>
   <subfield code="p">3010033262</subfield>
   <subfield code="r">2018-07-07</subfield>
   <subfield code="t">1</subfield>
   <subfield code="w">2018-07-07</subfield>
   <subfield code="y">BK</subfield>
   <subfield code="x">lost from the ARC department library and approved by the Dean (reasons personal books withdrawn by Hasibul Kabir Sir and Building shifting)</subfield>
  </datafield>
 </record>
</collection>
